00150nam a22000737a 4500003000400000245003200004260003200036300000800068SGT aJOURNAL OF INDIAN HIGHWAYS  bIndian Roads Congressc2019 a200